[Event "Sitges Sunway op 8th"]
[Site "Sitges"]
[Date "2021.12.15"]
[Round "3"]
[White "Manish, Anto Cristiano F"]
[Black "Advait, Bagri"]
[Result "1-0"]
[WhiteElo "2336"]
[BlackElo "2107"]
[PlyCount "71"]
[EventDate "2021.12.13"]
[EventType "swiss"]
[EventRounds "10"]
[EventCountry "ESP"]
[SourceTitle "CBM 205 Extra"]
[Source "ChessBase"]
[SourceDate "2022.01.31"]
[SourceVersion "1"]
[SourceVersionDate "2022.01.31"]
[SourceQuality "1"]

1. d4 d5 2. c4 c6 3. Nc3 Nf6 4. e3 a6 5. Nf3 Bf5 6. Qb3 Ra7 7. a4 e6 8. a5 Nbd7 9. Bd2 Bd6 10. Nh4 Be4 11. Nf3 0-0 12. Be2 Bg6 13. 0-0 Ne4 14. Nxe4 Bxe4 15. Bb4 Qe7 16. Bxd6 Qxd6 17. Nd2 Bg6 18. f4 Rc8 19. Rac1 Raa8 20. Rc3 Nf6 21. cxd5 cxd5 22. Rfc1 Qd7 23. Bf3 h6 24. Qb4 Bd3 25. Qb6 Ne4 26. Bxe4 dxe4 27. Nb3 Rxc3 28. bxc3 Qb5 29. Nc5 Rc8 30. Qxb5 axb5 31. Nxb7 Kh7 32. Nc5 Kg6 33. Ra1 Kf5 34. a6 Ra8 35. a7 Bc2 36. Ra5 1-0

[Event "World Cup U16 Prel"]
[Site "Tornelo INT"]
[Date "2021.08.16"]
[Round "9"]
[White "Advait, Bagri"]
[Black "McKennis, Darren"]
[Result "1-0"]
[WhiteElo "2118"]
[BlackElo "1735"]
[PlyCount "47"]
[EventDate "2021.08.16"]
[EventType "swiss (rapid)"]
[EventRounds "10"]
[EventCountry "NET"]
[SourceTitle "EXT 2025"]
[Source "ChessBase"]
[SourceDate "2024.10.14"]
[SourceVersion "1"]
[SourceVersionDate "2024.10.14"]
[SourceQuality "1"]

1. e4 c6 2. d4 d5 3. Nc3 dxe4 4. Nxe4 Bf5 5. Ng3 Bg6 6. h4 h6 7. Nf3 Nd7 8. h5 Bh7 9. Bd3 Bxd3 10. Qxd3 e6 11. Bd2 Ngf6 12. 0-0-0 Be7 13. Qe2 0-0 14. Nf1 c5 15. g4 Nxg4 16. Rg1 Ndf6 17. Ne5 Nxe5 18. dxe5 Ne8 19. Bxh6 Qa5 20. Bxg7 Qxa2 21. Bf6+ Kh7 22. Qd3+ Kh6 23. Rg6+ Kxh5 24. Ng3# 1-0

[Event "World Cup U16 Prel"]
[Site "Tornelo INT"]
[Date "2021.08.16"]
[Round "8"]
[White "Advait, Bagri"]
[Black "Tsanatsqenishvili, Alexandre"]
[Result "0-1"]
[WhiteElo "2118"]
[BlackElo "1787"]
[PlyCount "130"]
[EventDate "2021.08.16"]
[EventType "swiss (rapid)"]
[EventRounds "10"]
[EventCountry "NET"]
[SourceTitle "EXT 2025"]
[Source "ChessBase"]
[SourceDate "2024.10.14"]
[SourceVersion "1"]
[SourceVersionDate "2024.10.14"]
[SourceQuality "1"]

1. e4 Nf6 2. e5 Nd5 3. d4 d6 4. Nf3 Bg4 5. Be2 c6 6. Ng5 Bxe2 7. Qxe2 dxe5 8. dxe5 e6 9. 0-0 Nd7 10. c4 Ne7 11. Nc3 Ng6 12. f4 Be7 13. Nce4 0-0 14. Qh5 Bxg5 15. Nxg5 h6 16. Nxe6 fxe6 17. Qxg6 Nxe5 18. Qxe6+ Nf7 19. Qe3 Re8 20. Qc3 Nd6 21. Be3 Nf5 22. Bf2 Re4 23. Rad1 Qc7 24. g3 Rae8 25. Rfe1 b6 26. b3 h5 27. Qd3 Rxe1+ 28. Rxe1 Rxe1+ 29. Bxe1 Qe7 30. Bd2 Qe6 31. Kf2 Nh6 32. Kg2 h4 33. Bc3 h3+ 34. Kf1 Ng4 35. Qd8+ Kh7 36. Qh4+ Kg8 37. Qd8+ Kh7 38. Qd3+ Kg8 39. Kg1 Nh6 40. Qd4 Nf5 41. Qe5 Qd7 42. Qe2 c5 43. Qf3 Kf8 44. Qa8+ Kf7 45. Qe4 Qd1+ 46. Qe1 Qf3 47. Qf1 Qxc3 48. Qxh3 Qe1+ 49. Kg2 Qe2+ 50. Kg1 Qe3+ 51. Kg2 Qe4+ 52. Kg1 Qd4+ 53. Kh1 Qe4+ 54. Kg1 Kf6 55. Qf1 Nd4 56. Qf2 Nf3+ 57. Kf1 Nd4 58. g4 Qh1+ 59. Qg1 Qf3+ 60. Qf2 Qxg4 61. Ke1 Qe6+ 62. Kd2 Qe4 63. Qh4+ Kf7 64. Qh5+ Kg8 65. Kc3 Qc2# 0-1

[Event "World Cup U16 Prel"]
[Site "Tornelo INT"]
[Date "2021.08.16"]
[Round "2"]
[White "Saravanabaavan, Brijeash"]
[Black "Advait, Bagri"]
[Result "0-1"]
[WhiteElo "1525"]
[BlackElo "2118"]
[PlyCount "96"]
[EventDate "2021.08.16"]
[EventType "swiss (rapid)"]
[EventRounds "10"]
[EventCountry "NET"]
[SourceTitle "EXT 2025"]
[Source "ChessBase"]
[SourceDate "2024.10.14"]
[SourceVersion "1"]
[SourceVersionDate "2024.10.14"]
[SourceQuality "1"]

1. e4 e5 2. Nf3 Nc6 3. Bc4 Nf6 4. d3 Be7 5. c3 0-0 6. 0-0 d5 7. exd5 Nxd5 8. Re1 Bg4 9. h3 Bh5 10. g4 Bg6 11. Nxe5 Nxe5 12. Rxe5 Nb6 13. Bb3 Bxd3 14. Rxe7 Qxe7 15. Qxd3 Rad8 16. Qe3 Qh4 17. Qf3 Kh8 18. Be3 f5 19. gxf5 Nd7 20. Bc2 Rfe8 21. Nd2 Ne5 22. Qg2 Qh5 23. Be4 Qf7 24. Bd4 Nc6 25. Nb3 Ne7 26. Qf3 Nd5 27. Re1 b6 28. Nd2 c5 29. Be3 Nf6 30. Bc2 Re7 31. Bb3 Qe8 32. Be6 h6 33. Nc4 Nd7 34. Nd6 Qf8 35. Bf4 Nf6 36. Ne4 Nd5 37. Be5 Rxe6 38. Qg3 Re7 39. c4 Nf6 40. Bd6 Rxd6 41. Qxd6 Qe8 42. f3 Nxe4 43. fxe4 Rxe4 44. Rf1 Qh5 45. Qd8+ Kh7 46. Qd2 Re2 47. Qd3 Qg5+ 48. Kh1 Qg2# 0-1

[Event "Online Olym Div3 A"]
[Site "Chess.com INT"]
[Date "2020.08.09"]
[Round "9.5"]
[White "Nakahara, Kan"]
[Black "Advait, Bagri"]
[Result "1/2-1/2"]
[WhiteElo "2095"]
[BlackElo "2242"]
[PlyCount "165"]
[EventDate "2020.08.07"]
[EventType "team-tourn (rapid)"]
[EventRounds "9"]
[EventCountry "USA"]
[SourceTitle "CBM 198"]
[Source "ChessBase"]
[SourceDate "2020.10.31"]
[SourceVersion "1"]
[SourceVersionDate "2020.10.31"]
[SourceQuality "1"]
[WhiteTeam "Japan"]
[BlackTeam "Singapore"]
[WhiteTeamCountry "JPN"]
[BlackTeamCountry "SIN"]

1. e4 e5 2. Nf3 Nc6 3. Bb5 a6 4. Ba4 Nf6 5. 0-0 Be7 6. Re1 b5 7. Bb3 d6 8. c3 0-0 9. h3 Na5 10. Bc2 c5 11. d4 Qc7 12. Nbd2 Be6 13. d5 Bd7 14. Nf1 Nc4 15. Ng3 Rfc8 16. Nh4 g6 17. Nf3 Ne8 18. Nh2 Ng7 19. Rf1 Bh4 20. Nf3 Be7 21. Nh2 Rf8 22. b3 Nb6 23. f4 exf4 24. Bxf4 Bf6 25. Qf3 Be5 26. Bxe5 dxe5 27. Ng4 Bxg4 28. hxg4 f6 29. Kf2 c4 30. b4 a5 31. a3 Nc8 32. Ke2 Nd6 33. Qe3 Rf7 34. Kd2 Qa7 35. Qc5 Nge8 36. a4 Rc7 37. Qxa7 Rcxa7 38. axb5 axb4 39. Rxa7 Rxa7 40. cxb4 Nxb5 41. Rc1 Nd4 42. Ne2 Ra2 43. Kd1 Nd6 44. Nc3 Rb2 45. b5 N4xb5 46. Nxb5 Rxb5 47. Kd2 Ra5 48. Rb1 Ra2 49. Kc3 Ra3+ 50. Kb4 Re3 51. Kc5 Nxe4+ 52. Bxe4 Rxe4 53. d6 Rd4 54. Kc6 Kg7 55. Rb7+ Kh6 56. d7 Kg5 57. Rb8 Kxg4 58. d8Q Rxd8 59. Rxd8 Kg3 60. Rd2 f5 61. Kd5 c3 62. Rc2 e4 63. Ke5 h5 64. Re2 h4 65. Rc2 e3 66. Rxc3 Kxg2 67. Rxe3 h3 68. Re2+ Kf3 69. Ra2 f4 70. Ra3+ Kg4 71. Ra2 g5 72. Ke4 f3 73. Rf2 Kg3 74. Rxf3+ Kg2 75. Ra3 h2 76. Ra2+ Kh3 77. Ra1 g4 78. Kf4 g3 79. Ra8 Kg2 80. Ra2+ Kh3 81. Ra8 Kg2 82. Ra2+ Kh3 83. Ra8 1/2-1/2

[Event "Online Olym Div3 A"]
[Site "Chess.com INT"]
[Date "2020.08.08"]
[Round "4.4"]
[White "Advait, Bagri"]
[Black "Kwong, Wing Ki"]
[Result "1-0"]
[WhiteElo "2242"]
[BlackElo "1876"]
[PlyCount "107"]
[EventDate "2020.08.07"]
[EventType "team-tourn (rapid)"]
[EventRounds "9"]
[EventCountry "USA"]
[SourceTitle "CBM 198"]
[Source "ChessBase"]
[SourceDate "2020.10.31"]
[SourceVersion "1"]
[SourceVersionDate "2020.10.31"]
[SourceQuality "1"]
[WhiteTeam "Singapore"]
[BlackTeam "Hong Kong"]
[WhiteTeamCountry "SIN"]
[BlackTeamCountry "HKG"]

1. e4 c5 2. Nf3 d6 3. d4 cxd4 4. Qxd4 Nc6 5. Bb5 Bd7 6. Qd3 a6 7. Bxc6 Bxc6 8. c4 Nf6 9. Nc3 g6 10. 0-0 Bg7 11. h3 0-0 12. Be3 b5 13. cxb5 axb5 14. Nd4 Qd7 15. Nxc6 Qxc6 16. Rfc1 Qb7 17. Qxb5 Qxb5 18. Nxb5 Nxe4 19. Bd4 e5 20. Be3 d5 21. Nc7 Rad8 22. f3 Ng3 23. Kf2 Nf5 24. Bc5 Bh6 25. Rd1 d4 26. Bxf8 Kxf8 27. Nb5 d3 28. Nc3 Be3+ 29. Ke1 Ng3 30. Ne4 Nxe4 31. fxe4 f5 32. exf5 gxf5 33. a4 e4 34. b4 Ke7 35. Ra2 f4 36. a5 Rg8 37. a6 f3 38. Kf1 fxg2+ 39. Rxg2 Rf8+ 40. Ke1 Bd4 41. Rc1 e3 42. Rc7+ Kd6 43. Rc4 Kd5 44. Rxd4+ Kxd4 45. a7 Kc3 46. b5 d2+ 47. Ke2 Rd8 48. Rg1 Kc2 49. Rd1 Rf8 50. b6 Rf2+ 51. Kxe3 Kxd1 52. Kxf2 Kc1 53. a8Q d1Q 54. Qa1+ 1-0

[Event "Graz op-A"]
[Site "Graz"]
[Date "2020.02.20"]
[Round "8"]
[White "Advait, Bagri"]
[Black "Li, Henry"]
[Result "0-1"]
[WhiteElo "2185"]
[BlackElo "2310"]
[PlyCount "70"]
[EventDate "2020.02.14"]
[EventType "swiss"]
[EventRounds "9"]
[EventCountry "AUT"]
[SourceTitle "CBM 195 Extra"]
[Source "ChessBase"]
[SourceDate "2020.05.31"]
[SourceVersion "1"]
[SourceVersionDate "2020.05.31"]
[SourceQuality "1"]

1. e4 c5 2. Nf3 e6 3. d4 cxd4 4. Nxd4 Nc6 5. Nc3 Qc7 6. Be3 a6 7. Qd2 Nf6 8. 0-0-0 Be7 9. f3 Nxd4 10. Qxd4 d6 11. g4 0-0 12. h4 b5 13. a3 Rb8 14. g5 Nh5 15. Bh3 b4 16. axb4 d5 17. exd5 Bxb4 18. Bg4 Ng3 19. Rhe1 e5 20. Qd3 Qa5 21. Bf2 e4 22. Qd4 Bxg4 23. fxg4 Rbc8 24. Kd2 Rfd8 25. Ra1 Qb5 26. Kc1 Bxc3 27. bxc3 Rxd5 28. Rb1 Qd7 29. Qe3 Qa4 30. c4 Qxc4 31. Rb2 Rd3 32. Qf4 Rf3 33. Qd2 Ra3 34. Bxg3 Ra1+ 35. Rb1 Qa2 0-1

[Event "Gibraltar Masters 18th"]
[Site "Caleta"]
[Date "2020.01.26"]
[Round "6"]
[White "Advait, Bagri"]
[Black "Rakotomaharo, Fy Antenaina"]
[Result "0-1"]
[WhiteElo "2105"]
[BlackElo "2433"]
[PlyCount "64"]
[EventDate "2020.01.21"]
[EventType "swiss"]
[EventRounds "10"]
[EventCountry "GGB"]
[SourceTitle "CBM 194 Extra"]
[Source "ChessBase"]
[SourceDate "2020.03.31"]
[SourceVersion "1"]
[SourceVersionDate "2020.03.31"]
[SourceQuality "1"]

1. e4 c5 2. Nf3 d6 3. d4 cxd4 4. Nxd4 Nf6 5. Nc3 a6 6. Nb3 g6 7. Be2 Bg7 8. g4 h6 9. Be3 Nbd7 10. f4 b5 11. Bf3 Bb7 12. a3 Rc8 13. Qd2 0-0 14. 0-0-0 a5 15. Nd5 Nxd5 16. exd5 b4 17. axb4 axb4 18. h4 Nb6 19. Bd4 e5 20. Bxb6 Qxb6 21. f5 e4 22. Bxe4 Qa6 23. Qf4 g5 24. Qf1 Qa7 25. Rh3 Be5 26. hxg5 Qa2 27. f6 Qxb2+ 28. Kd2 Bxd5 29. Bh7+ Kxh7 30. Qf5+ Kg8 31. Rxh6 Rxc2+ 32. Qxc2 Bf4+ 0-1

[Event "Gibraltar Masters 18th"]
[Site "Caleta"]
[Date "2020.01.24"]
[Round "4"]
[White "Advait, Bagri"]
[Black "Percivaldi, Martin"]
[Result "1/2-1/2"]
[WhiteElo "2105"]
[BlackElo "2403"]
[PlyCount "105"]
[EventDate "2020.01.21"]
[EventType "swiss"]
[EventRounds "10"]
[EventCountry "GGB"]
[SourceTitle "CBM 194 Extra"]
[Source "ChessBase"]
[SourceDate "2020.03.31"]
[SourceVersion "1"]
[SourceVersionDate "2020.03.31"]
[SourceQuality "1"]

1. e4 e6 2. d4 d5 3. Nd2 c5 4. Ngf3 cxd4 5. exd5 Qxd5 6. Bc4 Qd8 7. 0-0 a6 8. Nb3 Nc6 9. Nbxd4 Nxd4 10. Nxd4 Qc7 11. Qe2 Bd6 12. h3 Ne7 13. Rd1 0-0 14. a4 Ng6 15. Nf3 b6 16. Bd3 Bb7 17. Be4 Rad8 18. Bg5 Be7 19. Bxe7 Qxe7 20. Bxb7 Qxb7 21. Ne5 Nf4 22. Qf3 Qxf3 23. Nxf3 f6 24. Kf1 Kf7 25. h4 e5 26. g3 Ne6 27. c3 Ke7 28. Ke2 Rxd1 29. Rxd1 Nc5 30. b3 Nxb3 31. Rb1 Nc5 32. Rxb6 Nxa4 33. Rb7+ Ke6 34. Rxg7 Nxc3+ 35. Kd2 Ne4+ 36. Ke3 Nd6 37. Rxh7 Ra8 38. Rc7 a5 39. Nd2 a4 40. Rc1 Nf5+ 41. Kd3 Nd4 42. Ra1 Ra7 43. Ra2 Kf5 44. Kc4 Kg4 45. Kb4 a3 46. Nc4 Kf3 47. Rxa3+ Rxa3 48. Kxa3 Kxf2 49. g4 Ne6 50. g5 fxg5 51. hxg5 e4 52. g6 e3 53. Nxe3 1/2-1/2

[Event "Gibraltar Masters 18th"]
[Site "Caleta"]
[Date "2020.01.22"]
[Round "2"]
[White "Advait, Bagri"]
[Black "Bellon Lopez, Juan Manuel"]
[Result "1-0"]
[WhiteElo "2105"]
[BlackElo "2348"]
[PlyCount "145"]
[EventDate "2020.01.21"]
[EventType "swiss"]
[EventRounds "10"]
[EventCountry "GGB"]
[SourceTitle "CBM 194 Extra"]
[Source "ChessBase"]
[SourceDate "2020.03.31"]
[SourceVersion "1"]
[SourceVersionDate "2020.03.31"]
[SourceQuality "1"]

1. e4 c5 2. Nf3 g6 3. d4 cxd4 4. Qxd4 Nf6 5. Nc3 Nc6 6. Qa4 d6 7. e5 dxe5 8. Nxe5 Bg7 9. Bb5 0-0 10. Nxc6 bxc6 11. Bxc6 Bd7 12. 0-0 Bxc6 13. Qxc6 Qc8 14. Qa4 Qf5 15. Ne2 Nd5 16. c3 Rfc8 17. Rd1 Nb6 18. Qb3 Nc4 19. Ng3 Qa5 20. Rd7 e6 21. h4 Nb6 22. Rd1 Rab8 23. a4 Nd5 24. Qc2 Qb6 25. Nf1 h5 26. Ne3 Nxe3 27. Bxe3 Qxb2 28. Qxb2 Rxb2 29. Bxa7 Rb7 30. Bd4 Bxd4 31. cxd4 Ra8 32. d5 e5 33. d6 Kf8 34. Rac1 Rd7 35. Rc7 Ke8 36. Rc5 f6 37. a5 Ra6 38. Rcd5 Kf7 39. Kf1 Ke6 40. Ke2 Rc6 41. Ke3 Rc4 42. g3 Ra4 43. f4 e4 44. R1d4 Ra3+ 45. Kf2 f5 46. Re5+ Kf7 47. Rd2 Rf3+ 48. Kg2 Rc3 49. Kf2 Rc6 50. Red5 Ke8 51. Ra2 Kd8 52. Rad2 Kc8 53. Kg2 Kb7 54. Rb2+ Kc8 55. a6 Kd8 56. Rb8+ Rc8 57. Rxc8+ Kxc8 58. Kf2 Kb8 59. Rb5+ Ka7 60. Rd5 Kxa6 61. Ke3 Kb7 62. Kd4 Rd8 63. Ke5 Kc6 64. Rd1 e3 65. Rc1+ Kb6 66. Ke6 Re8+ 67. Kf7 Re4 68. Kxg6 Rd4 69. Kxf5 e2 70. Re1 Rd2 71. Ke4 Kc6 72. Ke3 Rxd6 73. Rxe2 1-0

[Event "Romanian op"]
[Site "Alba Iulia"]
[Date "2019.10.29"]
[Round "3"]
[White "Advait, Bagri"]
[Black "David, Alexandru Vasile"]
[Result "0-1"]
[WhiteElo "2231"]
[BlackElo "2424"]
[PlyCount "86"]
[EventDate "2019.10.28"]
[EventType "swiss"]
[EventRounds "9"]
[EventCountry "ROU"]
[SourceTitle "CBM 192 Extra"]
[Source "Chessbase"]
[SourceDate "2019.11.06"]
[SourceVersion "1"]
[SourceVersionDate "2019.11.06"]
[SourceQuality "1"]

1. e4 e5 2. Nf3 Nc6 3. Bb5 a6 4. Ba4 Nf6 5. 0-0 Bc5 6. c3 b5 7. Bb3 d6 8. d4 Ba7 9. h3 0-0 10. a4 b4 11. Re1 Bb7 12. Bg5 Ne7 13. Nbd2 Ng6 14. h4 h6 15. h5 Nf4 16. Bxf4 bxc3 17. bxc3 exf4 18. Nh2 Qd7 19. Qf3 Rae8 20. Qxf4 Nxh5 21. Qh4 Nf6 22. Bc2 c5 23. d5 c4 24. Nxc4 Qc7 25. Bd3 a5 26. Nf3 Ba6 27. Nfd2 Nd7 28. Qg3 Bxc4 29. Bxc4 Ne5 30. Bb5 Rc8 31. Nf3 Qxc3 32. Qf4 f6 33. Rf1 Qb2 34. Rab1 Qc2 35. Rbc1 Qb2 36. Rb1 Nxf3+ 37. Qxf3 Qe5 38. Bd7 Rc2 39. Rb7 Bc5 40. Qg4 f5 41. Bxf5 Rxf2 42. Rxf2 Qa1+ 43. Kh2 Bxf2 0-1

[Event "Hoogeveen op 23rd"]
[Site "Hoogeveen"]
[Date "2019.10.24"]
[Round "7"]
[White "Advait, Bagri"]
[Black "Ypma, Jord"]
[Result "1/2-1/2"]
[WhiteElo "2231"]
[BlackElo "2013"]
[PlyCount "72"]
[EventDate "2019.10.19"]
[EventType "swiss"]
[EventRounds "9"]
[EventCountry "NED"]
[SourceTitle "CBM 192 Extra"]
[Source "Chessbase"]
[SourceDate "2019.11.06"]
[SourceVersion "1"]
[SourceVersionDate "2019.11.06"]
[SourceQuality "1"]

1. e4 c5 2. Nf3 d6 3. d4 cxd4 4. Qxd4 a6 5. h3 Nc6 6. Qe3 g6 7. c4 Bg7 8. Be2 Nf6 9. 0-0 0-0 10. Nc3 Nd7 11. Rb1 b6 12. b3 Nde5 13. Rd1 Nxf3+ 14. Bxf3 Rb8 15. Bb2 Bb7 16. Be2 Ba8 17. Nd5 e5 18. b4 Nd4 19. Bxd4 exd4 20. Qa3 Bxd5 21. exd5 Be5 22. Qf3 Qc7 23. Rbc1 a5 24. a3 Ra8 25. Bd3 axb4 26. axb4 Ra4 27. Rb1 Ra2 28. h4 Qe7 29. g3 Rfa8 30. Qg4 h5 31. Qe4 Qd7 32. Bf1 R8a3 33. Rd3 Rxd3 34. Qxd3 Qg4 35. Re1 Bf6 36. Be2 Qd7 1/2-1/2

[Event "Hoogeveen op 23rd"]
[Site "Hoogeveen"]
[Date "2019.10.22"]
[Round "5"]
[White "Advait, Bagri"]
[Black "Barthel, Ansgar"]
[Result "0-1"]
[WhiteElo "2231"]
[BlackElo "2037"]
[PlyCount "114"]
[EventDate "2019.10.19"]
[EventType "swiss"]
[EventRounds "9"]
[EventCountry "NED"]
[SourceTitle "CBM 192 Extra"]
[Source "Chessbase"]
[SourceDate "2019.11.06"]
[SourceVersion "1"]
[SourceVersionDate "2019.11.06"]
[SourceQuality "1"]

1. e4 d6 2. d4 Nf6 3. Nc3 e5 4. Nf3 Nbd7 5. Bc4 Be7 6. 0-0 0-0 7. a4 c6 8. a5 Qc7 9. Re1 h6 10. h3 Re8 11. d5 cxd5 12. Bxd5 Nxd5 13. Nxd5 Qd8 14. c4 Nf6 15. Nxf6+ Bxf6 16. b3 Be6 17. Bd2 Qc7 18. Bb4 Be7 19. Nd2 Red8 20. Nb1 Qc6 21. Nc3 Bf8 22. Qe2 Rd7 23. Rad1 Rad8 24. Nb5 a6 25. Nc3 f5 26. exf5 Bxf5 27. Nd5 Rf7 28. f4 exf4 29. Nxf4 Re7 30. Qd2 Rxe1+ 31. Rxe1 b6 32. Qd5+ Qxd5 33. Nxd5 bxa5 34. Bxa5 Rb8 35. Re3 Bc2 36. b4 Rc8 37. Nb6 Rb8 38. Nd5 Rc8 39. Nc7 d5 40. Rc3 Be4 41. c5 Be7 42. Nxa6 Bf6 43. Rc1 Bd4+ 44. Kh1 Rf8 45. b5 Rf2 46. Rg1 Rb2 47. b6 Bxg1 48. Kxg1 d4 49. Nb8 Rb5 50. c6 Rxa5 51. b7 Rb5 52. Nd7 Bxc6 53. b8Q+ Rxb8 54. Nxb8 Bb5 55. Kf2 Kf8 56. Kf3 Ke8 57. Ke4 d3 0-1

[Event "Suwalki Warakomska Memorial 3rd"]
[Site "Suwalki"]
[Date "2019.08.12"]
[Round "9"]
[White "Advait, Bagri"]
[Black "Bukojemski, Adam"]
[Result "0-1"]
[WhiteElo "2079"]
[BlackElo "2225"]
[PlyCount "108"]
[EventDate "2019.08.05"]
[EventType "swiss"]
[EventRounds "9"]
[EventCountry "POL"]
[SourceTitle "CBM 191 Extra"]
[Source "ChessBase"]
[SourceDate "2019.09.30"]
[SourceVersion "1"]
[SourceVersionDate "2019.09.30"]
[SourceQuality "1"]

1. e4 c5 2. Nf3 Nc6 3. Bb5 Nd4 4. Bc4 e6 5. c3 b5 6. Bd3 Nxf3+ 7. Qxf3 a6 8. 0-0 Bb7 9. a4 b4 10. Bc2 Qc7 11. d3 Bd6 12. h3 f5 13. Qe2 fxe4 14. dxe4 Nf6 15. Nd2 0-0 16. Kh1 bxc3 17. bxc3 Be5 18. Nc4 Bxc3 19. Ra3 Bd4 20. e5 Qc6 21. Rg3 Ne4 22. Bxe4 Qxe4 23. Qd2 Qh4 24. Kh2 Rab8 25. a5 Bd5 26. Nb6 Bc6 27. f4 Qe7 28. Bb2 Bb5 29. Rff3 Bxb2 30. Qxb2 Rf7 31. Rg5 Rbf8 32. Qd2 Bc6 33. Rfg3 Rxf4 34. Nc8 Rxc8 35. Qxf4 g6 36. Qh4 Qg7 37. Qf4 Rb8 38. Qe3 Rb5 39. h4 Rb4 40. h5 Rh4+ 41. Kg1 Qf8 42. hxg6 h6 43. g7 Qb8 44. R5g4 Qb1+ 45. Kf2 Rh1 46. Qd2 Rf1+ 47. Ke3 Qf5 48. Qe2 Bb5 49. Qxf1 Bxf1 50. Rg6 Bd3 51. R6g4 c4 52. Kd4 Qf2+ 53. Kc3 Bf5 54. Rg6 Qc2+ 0-1

[Event "Suwalki Warakomska Memorial 3rd"]
[Site "Suwalki"]
[Date "2019.08.07"]
[Round "3"]
[White "Advait, Bagri"]
[Black "Sanz Wawer, Daniel"]
[Result "0-1"]
[WhiteElo "2079"]
[BlackElo "2198"]
[PlyCount "90"]
[EventDate "2019.08.05"]
[EventType "swiss"]
[EventRounds "9"]
[EventCountry "POL"]
[SourceTitle "CBM 191 Extra"]
[Source "ChessBase"]
[SourceDate "2019.09.30"]
[SourceVersion "1"]
[SourceVersionDate "2019.09.30"]
[SourceQuality "1"]

1. e4 c6 2. d4 d5 3. Nc3 dxe4 4. Nxe4 Bf5 5. Ng3 Bg6 6. h4 h6 7. Nf3 e6 8. h5 Bh7 9. Bd3 Bxd3 10. Qxd3 Nf6 11. Bd2 c5 12. 0-0-0 Nc6 13. Qb5 Qb6 14. Qa4 0-0-0 15. Ne5 Rxd4 16. Nc4 Qa6 17. Qxa6 bxa6 18. b3 Be7 19. Bc3 Rxd1+ 20. Rxd1 Rd8 21. Ne5 Rxd1+ 22. Kxd1 Nxe5 23. Bxe5 Ne8 24. c4 Bd6 25. f4 f6 26. Bxd6 Nxd6 27. Kd2 Kd7 28. Kd3 f5 29. a3 a5 30. Kc3 Ke7 31. b4 axb4+ 32. axb4 Ne4+ 33. Nxe4 cxb4+ 34. Kd4 fxe4 35. Kxe4 b3 36. Kd3 a5 37. Kc3 a4 38. Kb2 Kd6 39. Kc3 Kc5 40. g3 Kc6 41. g4 Kc5 42. f5 exf5 43. gxf5 Kc6 44. Kb2 Kd6 45. Kc3 Kc5 0-1

[Event "Suwalki Warakomska Memorial 3rd"]
[Site "Suwalki"]
[Date "2019.08.06"]
[Round "2"]
[White "Jaroch, Karol"]
[Black "Advait, Bagri"]
[Result "1-0"]
[WhiteElo "2231"]
[BlackElo "2079"]
[PlyCount "91"]
[EventDate "2019.08.05"]
[EventType "swiss"]
[EventRounds "9"]
[EventCountry "POL"]
[SourceTitle "CBM 191 Extra"]
[Source "ChessBase"]
[SourceDate "2019.09.30"]
[SourceVersion "1"]
[SourceVersionDate "2019.09.30"]
[SourceQuality "1"]

1. e4 e5 2. Nf3 Nc6 3. Bc4 Nf6 4. d3 Be7 5. Nc3 d6 6. Be3 Na5 7. h3 a6 8. a3 Nxc4 9. dxc4 Bd7 10. Qd3 0-0 11. g4 b5 12. c5 dxc5 13. g5 Nh5 14. Nxe5 Be8 15. 0-0-0 Qb8 16. Qe2 f5 17. Nd7 Bxd7 18. Rxd7 Qe8 19. Rxe7 Qxe7 20. Qxh5 f4 21. g6 hxg6 22. Qd5+ Qf7 23. Bxc5 Rfe8 24. f3 c6 25. Qxf7+ Kxf7 26. Ne2 g5 27. Rg1 Rh8 28. Rxg5 Rxh3 29. Rf5+ Kg8 30. Rxf4 Rh1+ 31. Kd2 Rd8+ 32. Kc3 a5 33. Nd4 Rh6 34. b4 axb4+ 35. axb4 Ra8 36. e5 Re8 37. e6 Rhxe6 38. Nxe6 Rxe6 39. Re4 Rf6 40. f4 Kf7 41. Re7+ Kg6 42. Bd4 Rxf4 43. Rxg7+ Kh5 44. Rc7 Rf3+ 45. Kb2 Rf4 46. c3 1-0

[Event "World School-ch U15"]
[Site "Antalya"]
[Date "2019.04.23"]
[Round "6"]
[White "Advait, Bagri"]
[Black "Ozenir, Ekin Baris"]
[Result "1/2-1/2"]
[WhiteElo "1995"]
[BlackElo "2261"]
[PlyCount "64"]
[EventDate "2019.04.18"]
[EventType "swiss"]
[EventRounds "9"]
[EventCountry "TUR"]
[SourceTitle "CBM 190 Extra"]
[Source "ChessBase"]
[SourceDate "2019.07.15"]
[SourceVersion "1"]
[SourceVersionDate "2019.07.15"]
[SourceQuality "1"]

1. e4 e6 2. d4 d5 3. Nd2 c5 4. Ngf3 Nf6 5. exd5 exd5 6. Bb5+ Bd7 7. Bxd7+ Nbxd7 8. 0-0 Be7 9. dxc5 Nxc5 10. Re1 0-0 11. Nf1 Re8 12. c3 a5 13. Be3 a4 14. Bd4 Ne6 15. Be5 a3 16. b3 Ng4 17. h3 Nxe5 18. Rxe5 Nc7 19. Qd3 Bf6 20. Rxe8+ Qxe8 21. Ne3 Qc6 22. Rc1 g6 23. Nd4 Qb6 24. b4 Rd8 25. Nb3 Bg5 26. Rd1 Bxe3 27. Qxe3 Qxe3 28. fxe3 Rc8 29. Nc5 Nb5 30. Rxd5 b6 31. Nd7 Nxc3 32. Nxb6 Ne2+ 1/2-1/2

[Event "World School-ch U15"]
[Site "Antalya"]
[Date "2019.04.22"]
[Round "5"]
[White "Advait, Bagri"]
[Black "Bizhigitov, Zhangir"]
[Result "1-0"]
[WhiteElo "1995"]
[BlackElo "2024"]
[PlyCount "78"]
[EventDate "2019.04.18"]
[EventType "swiss"]
[EventRounds "9"]
[EventCountry "TUR"]
[SourceTitle "CBM 190 Extra"]
[Source "ChessBase"]
[SourceDate "2019.07.15"]
[SourceVersion "1"]
[SourceVersionDate "2019.07.15"]
[SourceQuality "1"]

1. e4 e5 2. Nf3 Nc6 3. Bb5 a6 4. Ba4 Nf6 5. 0-0 Be7 6. d3 b5 7. Bb3 0-0 8. Nc3 d6 9. a3 Na5 10. Ba2 Be6 11. Bxe6 fxe6 12. b4 Nc6 13. Bd2 Qe8 14. Ng5 Qd7 15. f4 exf4 16. Bxf4 h6 17. Nh3 e5 18. Bd2 Nd4 19. Ne2 Nxe2+ 20. Qxe2 c5 21. Nf2 Rfc8 22. Rac1 c4 23. Nd1 cxd3 24. cxd3 Rxc1 25. Bxc1 Rc8 26. Ne3 Rf8 27. Nf5 Bd8 28. Be3 Kh8 29. Qf3 Ng8 30. Qg4 Rf7 31. h4 d5 32. Rf3 dxe4 33. dxe4 Nf6 34. Qg6 Rf8 35. Rg3 Nxe4 36. Bxh6 Bf6 37. Bxg7+ Qxg7 38. Nxg7 Nxg3 39. Ne6 Ra8 1-0

[Event "World School-ch U15"]
[Site "Antalya"]
[Date "2019.04.20"]
[Round "3"]
[White "Advait, Bagri"]
[Black "Danaci, Ege"]
[Result "0-1"]
[WhiteElo "1995"]
[BlackElo "2105"]
[PlyCount "96"]
[EventDate "2019.04.18"]
[EventType "swiss"]
[EventRounds "9"]
[EventCountry "TUR"]
[SourceTitle "CBM 190 Extra"]
[Source "ChessBase"]
[SourceDate "2019.07.15"]
[SourceVersion "1"]
[SourceVersionDate "2019.07.15"]
[SourceQuality "1"]

1. e4 c5 2. Nf3 e6 3. b3 b6 4. Bb2 Bb7 5. Nc3 Nc6 6. Qe2 a6 7. 0-0-0 b5 8. d4 cxd4 9. Nxd4 Nxd4 10. Rxd4 Rc8 11. Kb1 Qa5 12. Rd3 Nf6 13. f3 Bb4 14. Qe3 d5 15. Qg5 Bxc3 16. Bxc3 Rxc3 17. Qxg7 Ke7 18. e5 Nd7 19. Qxh8 Rc8 20. Qxh7 Qe1+ 21. Kb2 Nxe5 22. g3 b4 23. Bg2 Qf2 24. Rdd1 Qxg2 25. Rhf1 Rc3 26. Rc1 Nd3+ 27. Kb1 Nxc1 28. Rxc1 Qxf3 29. Qh4+ Kd7 30. Qxb4 Rc7 31. Qf8 d4 32. Qg7 d3 33. Qd4+ Qd5 34. Qxd3 Qxd3 35. cxd3 Rxc1+ 36. Kxc1 Kd6 37. Kd2 Kc5 38. Ke3 Kd5 39. d4 e5 40. dxe5 Kxe5 41. g4 Bc6 42. h4 Bd7 43. g5 Kf5 44. Kd4 Be6 45. Kc5 Kg4 46. Kb6 Kxh4 47. Kxa6 Kxg5 48. Kb5 f5 0-1